[Event "Primorsky Debut 2014"]
[Site "Vladivostok RUS"]
[Date "2014.07.23"]
[Round "3.5"]
[White "Timofeev, Artyom"]
[Black "Yanchenko, Roman"]
[Result "1-0"]
[WhiteTitle "GM"]
[BlackTitle "FM"]
[WhiteElo "2597"]
[BlackElo "2311"]
[WhiteFideId "4140419"]
[BlackFideId "4137329"]
[EventDate "2014.07.21"]

1. d4 Nf6 2. c4 e6 3. Nc3 Bb4 4. e3 d5 5. Nf3 c5 6. Bd3 Nc6 7. O-O dxc4 8. Bxc4
O-O 9. a3 Ba5 10. Qd3 a6 11. dxc5 Qxd3 12. Bxd3 Bxc3 13. bxc3 Nd7 14. a4 Nxc5
15. Bc2 b6 16. Ba3 Na5 17. Rfb1 Nc4 18. Rxb6 Nxa4 19. Rc6 Nxa3 20. Rxa3 Bd7 21.
Bxa4 Bxc6 22. Bxc6 Rab8 23. h4 Rb6 24. Be4 Rd8 25. Nd4 g6 26. c4 Rc8 27. Bd3 e5
28. Nb3 e4 29. Be2 Rcb8 30. Nd4 Rb1+ 31. Kh2 R8b2 32. c5 Rc1 33. c6 f5 34. Rxa6
f4 35. exf4 Rb4 36. Ne6 Rb2 37. c7 Kf7 38. Ra8 1-0

[Event "Primorsky Debut 2014"]
[Site "Vladivostok RUS"]
[Date "2014.07.23"]
[Round "3.6"]
[White "Danin, Alexandre"]
[Black "Guseva, Marina"]
[Result "1-0"]
[WhiteTitle "GM"]
[BlackTitle "IM"]
[WhiteElo "2572"]
[BlackElo "2362"]
[WhiteFideId "4144031"]
[BlackFideId "4149351"]
[EventDate "2014.07.21"]

1. c4 c6 2. Nf3 d5 3. g3 Nf6 4. Bg2 dxc4 5. O-O Nbd7 6. Na3 Nb6 7. Ne5 Be6 8.
Qc2 g6 9. Naxc4 Nxc4 10. Nxc4 Bg7 11. b3 Bd5 12. Ba3 Bxg2 13. Kxg2 h5 14. h4 g5
15. Qf5 Qd5+ 16. Qxd5 Nxd5 17. Rac1 gxh4 18. gxh4 Bf6 19. Bb2 Rg8+ 20. Kf3 Bxb2
21. Nxb2 O-O-O 22. Rg1 Rg4 23. Rxg4 hxg4+ 24. Kg3 f5 25. Nd3 Kc7 26. Nf4 Kd6 27.
Nxd5 Kxd5 28. d4 Ke6 29. e3 Kf6 30. Rc5 e6 31. b4 Kg6 32. a3 Rd6 33. Kf4 Kf6 34.
Rc1 Rd8 35. a4 Rh8 36. Kg3 Rd8 37. Kf4 Rh8 38. Rh1 Rh5 39. Rh2 Rh6 40. Rh1 Rh5
41. Kg3 Rh8 42. Rc1 Rd8 43. a5 a6 44. Kf4 Re8 45. h5 e5+ 46. dxe5+ Rxe5 47. Rc4
Rb5 48. Rd4 c5 49. Rd6+ Kf7 50. bxc5 Rxc5 51. Rb6 Rxa5 52. Rxb7+ Kf6 53. Rb6+
Kf7 54. Kg5 g3 55. fxg3 f4+ 56. Kxf4 Rxh5 57. Rxa6 Rh1 58. g4 Rf1+ 59. Kg5 Re1
60. Rf6+ Kg7 61. Rf3 Re2 62. Kf5 Kf7 63. e4 Re1 64. e5 Re2 65. Rf4 Re1 66. Rf2
Re3 67. Ra2 Rf3+ 68. Kg5 Rb3 69. Rf2+ Kg7 70. e6 Re3 71. Rf7+ Kg8 72. Kf6 Rf3+
73. Ke7 Ra3 74. Rf8+ Kg7 75. Rd8 Ra7+ 76. Rd7 Ra8 77. g5 Kg6 78. Rd8 Ra7+ 79.
Ke8 Kf5 80. Rd7 1-0

[Event "Primorsky Debut 2014"]
[Site "Vladivostok RUS"]
[Date "2014.07.23"]
[Round "3.7"]
[White "Kabanov, Nikolai"]
[Black "Biryukov, Mikhail"]
[Result "1-0"]
[WhiteTitle "GM"]
[BlackTitle "FM"]
[WhiteElo "2496"]
[BlackElo "2157"]
[WhiteFideId "4127820"]
[BlackFideId "24100498"]
[EventDate "2014.07.21"]

1. e4 c5 2. Nc3 Nc6 3. Bb5 Nd4 4. Nf3 g6 5. Bc4 Bg7 6. Nxd4 cxd4 7. Qf3 f5 8.
Ne2 e6 9. exf5 gxf5 10. Qh5+ Kf8 11. d3 b5 12. Bb3 Bb7 13. a4 b4 14. a5 Qe8 15.
Qxe8+ Kxe8 16. Bd2 Ne7 17. Bxb4 Rg8 18. Bc5 Bxg2 19. Rg1 Be5 20. f4 Bc7 21. Bxd4
Kf7 22. Kf2 Bc6 23. Rg3 Ng6 24. Rh3 Nxf4 25. Nxf4 Bxf4 26. Rxh7+ Ke8 27. Rg1
Rxg1 28. Kxg1 Kd8 29. Rh8+ Kc7 30. Rxa8 Bxa8 31. Bxa7 Bc1 32. Bd4 Bd2 33. Bb6+
Kd6 34. Bc4 Bb7 35. Kf2 Bg5 36. b4 Bh4+ 37. Ke2 f4 38. Bf2 Bf6 39. a6 Ba8 40. b5
f3+ 41. Kf1 1-0

[Event "Primorsky Debut 2014"]
[Site "Vladivostok RUS"]
[Date "2014.07.23"]
[Round "3.8"]
[White "Zheltov, Roman"]
[Black "Gritsenko, Andrey"]
[Result "0-1"]
[BlackTitle "IM"]
[WhiteElo "2125"]
[BlackElo "2403"]
[WhiteFideId "34119970"]
[BlackFideId "4197933"]
[EventDate "2014.07.21"]

1. d4 d5 2. c4 c6 3. Nc3 Nf6 4. cxd5 cxd5 5. Bf4 Nc6 6. e3 a6 7. Nf3 Bg4 8. Be2
e6 9. O-O Bd6 10. Bxd6 Qxd6 11. a3 Bxf3 12. Bxf3 O-O 13. Qb3 b5 14. Be2 Rfc8 15.
Rfc1 Na5 16. Qa2 Rc7 17. Bd3 Rac8 18. Ne2 Ne4 19. Bxe4 dxe4 20. Rxc7 Rxc7 21.
Nc3 f5 22. h3 Nc4 23. Qb3 Nb6 24. a4 b4 25. a5 Nd5 26. Na4 f4 27. Nc5 fxe3 28.
fxe3 Qg3 29. Nxe4 Qxe3+ 30. Qxe3 Nxe3 31. Nc5 Nc2 32. Nxa6 Ra7 33. Rc1 Nxd4 34.
Rc8+ Kf7 35. Nxb4 Rxa5 36. Nc6 Nxc6 37. Rxc6 Rb5 38. Rc2 e5 39. Kf2 Rb3 40. Ke1
Kf6 41. Rc6+ Kf5 42. Rc7 g5 43. Rxh7 Rxb2 44. Rf7+ Ke4 45. Kf1 Kd3 46. Rf3+ Kd4
47. Rg3 e4 48. Rxg5 Kd3 49. g4 Rb1+ 50. Kg2 e3 51. Rd5+ Ke4 52. Rd8 e2 53. Re8+
Kd3 54. Kg3 e1=Q+ 55. Rxe1 Rxe1 56. Kf4 Kd4 57. Kf5 Kd5 58. h4 Kd6 59. Kf6 Kd7
60. h5 Ke8 61. Kg7 Rg1 62. h6 Rxg4+ 63. Kh8 Kf7 64. h7 Kg6 65. Kg8 Ra4 66. h8=N+
Kf6 67. Kh7 Rg4 0-1

[Event "Primorsky Debut 2014"]
[Site "Vladivostok RUS"]
[Date "2014.07.23"]
[Round "3.10"]
[White "Korniushin, Nikolay"]
[Black "Snetkov, Ivan"]
[Result "1-0"]
[WhiteTitle "IM"]
[WhiteElo "2339"]
[BlackElo "1986"]
[WhiteFideId "4123808"]
[BlackFideId "24176443"]
[EventDate "2014.07.21"]

1. d4 d5 2. Nf3 Nf6 3. c4 c6 4. Qc2 dxc4 5. Qxc4 Bf5 6. Nc3 e6 7. g3 Nbd7 8. Bg2
Be7 9. O-O O-O 10. a4 Rc8 11. a5 Bg6 12. Rd1 Qc7 13. Qb3 Nd5 14. Ne1 Nxc3 15.
bxc3 e5 16. Nc2 Bh5 17. Re1 Rfe8 18. Ne3 exd4 19. cxd4 Bf6 20. Bb2 Rcd8 21. a6
Rb8 22. Qc4 Qb6 23. Bc3 Bg6 24. axb7 Be4 25. Bxe4 Rxe4 26. Reb1 Rxd4 27. Bxd4
Qxd4 28. Qxc6 Nf8 29. Ra4 Qd2 30. Rxa7 1-0

[Event "Primorsky Debut 2014"]
[Site "Vladivostok RUS"]
[Date "2014.07.24"]
[Round "4.1"]
[White "Inarkiev, Ernesto"]
[Black "Belous, Vladimir"]
[Result "1/2-1/2"]
[WhiteTitle "GM"]
[BlackTitle "GM"]
[WhiteElo "2666"]
[BlackElo "2584"]
[WhiteFideId "4162722"]
[BlackFideId "4174003"]
[EventDate "2014.07.21"]

1. e4 e5 2. Nf3 Nf6 3. Nxe5 d6 4. Nf3 Nxe4 5. d4 d5 6. Bd3 Nc6 7. O-O Be7 8. Nc3
Bf5 9. Re1 Nxc3 10. bxc3 Bxd3 11. Qxd3 O-O 12. Rb1 b6 13. c4 Re8 14. Bf4 dxc4
15. Qxc4 Bd6 16. Qxc6 Bxf4 17. Re4 Rxe4 18. Qxe4 Bd6 19. Re1 Rb8 20. Qc6 g6 21.
a4 Kg7 22. g3 Qf6 23. Re3 Rd8 24. Kg2 Qf5 25. c3 a6 26. Ne5 Bxe5 27. Rxe5 Qd7
28. Qxd7 Rxd7 29. Kf3 Kf6 30. Ke4 h5 31. f4 Rd6 32. d5 c6 33. c4 cxd5+ 34. Rxd5
Ke6 35. f5+ gxf5+ 36. Rxf5 Rc6 37. Re5+ Kd6 38. Rd5+ Ke6 39. Re5+ Kd6 40. Rd5+
Ke6 41. Kd3 Rd6 42. Rxd6+ Kxd6 43. Kd4 f6 44. Ke4 Kc5 45. h4 f5+ 46. Kxf5 Kxc4
47. g4 hxg4 48. Kxg4 Kd5 49. h5 Ke6 50. Kf4 Kf6 51. Ke4 Kg5 52. Kd5 Kxh5 53. Kc6
b5 54. axb5 axb5 55. Kxb5 1/2-1/2

[Event "Primorsky Debut 2014"]
[Site "Vladivostok RUS"]
[Date "2014.07.24"]
[Round "4.2"]
[White "Bocharov, Dmitry"]
[Black "Grachev, Boris"]
[Result "1/2-1/2"]
[WhiteTitle "GM"]
[BlackTitle "GM"]
[WhiteElo "2560"]
[BlackElo "2672"]
[WhiteFideId "4138716"]
[BlackFideId "4129199"]
[EventDate "2014.07.21"]

1. Nf3 d5 2. g3 Bg4 3. Bg2 Nd7 4. c4 e6 5. cxd5 exd5 6. h3 Bxf3 7. Bxf3 c6 8. d3
Ngf6 9. O-O Bc5 10. Nc3 O-O 11. e4 dxe4 12. dxe4 Qe7 13. Bg2 Rad8 14. Kh2 Rfe8
15. Qc2 Bd4 16. Bf4 Ne5 17. Rad1 Qc5 18. Bxe5 Bxe5 19. f4 Bd4 20. Qb3 Bxc3 21.
Qxc3 Qxc3 22. bxc3 Kf8 23. e5 Nd5 24. Bxd5 Rxd5 25. Rxd5 cxd5 26. Rd1 Rc8 27.
Rxd5 Rxc3 28. Rd7 Rc2+ 29. Kg1 Rxa2 30. Rxb7 h5 31. f5 Ra5 32. Rb8+ Ke7 33. Rb7+
Kf8 34. Rb8+ Ke7 35. Rb7+ Kf8 36. Rb8+ 1/2-1/2

[Event "Primorsky Debut 2014"]
[Site "Vladivostok RUS"]
[Date "2014.07.24"]
[Round "4.3"]
[White "Deviatkin, Andrei"]
[Black "Timofeev, Artyom"]
[Result "1/2-1/2"]
[WhiteTitle "GM"]
[BlackTitle "GM"]
[WhiteElo "2512"]
[BlackElo "2597"]
[WhiteFideId "4121260"]
[BlackFideId "4140419"]
[EventDate "2014.07.21"]

1. d4 Nf6 2. Nf3 g6 3. Bg5 Bg7 4. e3 c5 5. c3 b6 6. Nbd2 Bb7 7. Bd3 O-O 8. O-O
d6 9. h3 Nbd7 10. Re1 a6 11. a4 cxd4 12. cxd4 Nd5 13. Qb3 Bf6 14. Bh6 Bg7 15.
Bg5 Bf6 16. Bc4 e6 17. Bh6 Bg7 18. Bg5 Bf6 19. Bxf6 N5xf6 20. Rac1 Rc8 21. Be2
Rxc1 22. Rxc1 Qb8 23. Qa3 Kg7 24. Qb4 Nd5 25. Qa3 a5 26. Ne1 e5 27. dxe5 dxe5
28. Bf3 Rd8 29. Nc4 N7f6 30. b3 Ba6 31. Qb2 Re8 32. Be2 Nb4 33. Nf3 Bxc4 34.
Bxc4 Qd6 35. Be2 Re7 36. Rd1 Qc5 37. Rc1 Qd6 38. Rd1 Qc5 39. Rc1 Qd6 40. Rd1 1/2-1/2

[Event "Primorsky Debut 2014"]
[Site "Vladivostok RUS"]
[Date "2014.07.24"]
[Round "4.4"]
[White "Ovetchkin, Roman"]
[Black "Danin, Alexandre"]
[Result "1/2-1/2"]
[WhiteTitle "GM"]
[BlackTitle "GM"]
[WhiteElo "2521"]
[BlackElo "2572"]
[WhiteFideId "4119991"]
[BlackFideId "4144031"]
[EventDate "2014.07.21"]

1. d4 d5 2. c4 c6 3. Nf3 Nf6 4. Qb3 dxc4 5. Qxc4 Bf5 6. g3 e6 7. Bg2 Be7 8. O-O
O-O 9. e3 Nbd7 10. Rd1 Qc7 11. Nc3 Nd5 12. Ne1 Nxc3 13. bxc3 e5 14. e4 Bg4 15.
f3 Be6 16. Qe2 Nb6 17. Nc2 Rad8 18. f4 f6 19. Ne3 exf4 20. gxf4 Qxf4 21. c4 Bd6
22. Bf3 Qg5+ 23. Kh1 Bf4 24. Rg1 Qh6 25. Bg4 f5 26. Bxf5 Rde8 27. Ng4 Qh4 28.
Bxf4 Bxf5 29. Nh6+ Kh8 30. Nxf5 Rxf5 31. Qg2 Rf7 32. Be5 Qh6 33. Raf1 Rfe7 34.
Rf3 Rg8 35. Rf6 Qe3 36. Rf8 Qh6 37. Rxg8+ Kxg8 38. Qg4 Nd7 39. c5 Qg6 40. Qh4
Qe6 41. Bd6 Qxe4+ 42. Qxe4 Rxe4 43. Rb1 b6 44. d5 Rc4 45. dxc6 Nxc5 46. Bb8 Na6
47. Bxa7 Rxc6 48. Bxb6 Rc4 49. Rb5 Rc1+ 50. Bg1 Ra1 51. Ra5 Nb4 52. a4 Nd3 53.
Ra8+ Kf7 54. a5 Nf4 55. Ra7+ Kf6 56. Ra6+ Kf5 57. Ra7 Kg6 58. Re7 Rxa5 59. Re1
Kf5 60. Be3 Re5 61. Bd2 Rxe1+ 62. Bxe1 Kg4 63. Kg1 Kf3 64. Kf1 Nh3 65. Ba5 g6
66. Bd8 h6 67. Be7 h5 68. Bd8 g5 69. Be7 g4 70. Bd8 Nf4 71. Kg1 Ne2+ 72. Kf1 Nf4
73. Kg1 Ng2 74. Bg5 Ne1 75. Kf1 Nc2 76. Bd8 Nd4 77. Bf6 Nf5 78. Bd8 h4 79. Kg1 1/2-1/2

[Event "Primorsky Debut 2014"]
[Site "Vladivostok RUS"]
[Date "2014.07.24"]
[Round "4.5"]
[White "Tugarin, Anton"]
[Black "Kabanov, Nikolai"]
[Result "0-1"]
[BlackTitle "GM"]
[WhiteElo "2234"]
[BlackElo "2496"]
[WhiteFideId "24151246"]
[BlackFideId "4127820"]
[EventDate "2014.07.21"]

1. d4 d6 2. Nf3 Nf6 3. c4 g6 4. Nc3 Bg7 5. e4 O-O 6. Be2 Nbd7 7. O-O e5 8. Be3
c6 9. d5 c5 10. Ne1 Ne8 11. g4 Bf6 12. Qd2 Ng7 13. Kh1 Be7 14. Rg1 Kh8 15. Nd3
Bh4 16. a3 f6 17. b4 b6 18. Rab1 Rf7 19. Nb5 Qe7 20. bxc5 Nxc5 21. Nxc5 bxc5 22.
Bf3 Bd7 23. Qa5 Bxb5 24. Rxb5 f5 25. Rgb1 Raf8 26. Rb7 Qxb7 27. Rxb7 Rxb7 28.
Qa6 Rd7 29. Qc6 Rdd8 30. Kg2 Rf7 31. a4 Ne8 32. a5 Nf6 33. gxf5 gxf5 34. Kh3 f4
35. Bxc5 dxc5 36. Kxh4 Rg8 37. Qe6 Rff8 38. Qxe5 Rg6 39. Qxf4 Nd7 40. Qe3 Ne5
41. Qc3 Rf4+ 42. Kh5 Rxf3 43. Qxe5+ Kg8 44. h4 Rxf2 45. Qb8+ Kg7 46. Qxa7+ Rf7
47. Qxc5 Rh6+ 48. Kg4 Rg6+ 49. Kh3 Rf3+ 50. Kh2 Rf4 51. Qc7+ Rf7 52. Qe5+ Kh6
53. h5 Rf2+ 54. Kh3 Rg5 55. Qa1 Rf3+ 56. Kh2 Rf2+ 57. Kh1 Rf4 58. Qe1 Rfg4 59.
Qd2 Rh4+ 60. Qh2 Rgxh5 61. Qxh4 Rxh4+ 62. Kg2 Rxe4 63. c5 Re5 64. a6 Rxd5 65. c6
Rd8 66. Kf3 Kg5 67. Ke4 Kf6 68. c7 Rc8 69. a7 Ke6 70. Kd4 0-1

[Event "Primorsky Debut 2014"]
[Site "Vladivostok RUS"]
[Date "2014.07.24"]
[Round "4.6"]
[White "Gritsenko, Andrey"]
[Black "Sutormin, Danila"]
[Result "0-1"]
[WhiteTitle "IM"]
[WhiteElo "2403"]
[BlackElo "2228"]
[WhiteFideId "4197933"]
[BlackFideId "24108669"]
[EventDate "2014.07.21"]

1. d4 Nf6 2. c4 g6 3. Nc3 Bg7 4. e4 d6 5. Nf3 O-O 6. g3 Bg4 7. h3 Bxf3 8. Qxf3
Nc6 9. d5 Nd4 10. Qd1 Nd7 11. f4 c5 12. Bd3 a6 13. h4 b5 14. h5 bxc4 15. Bxc4
Rb8 16. O-O Rb4 17. Bxa6 Qa5 18. Bd3 Rfb8 19. a4 c4 20. Be2 Rxb2 21. Bxb2 Rxb2
22. Rc1 Nb3 23. Bg4 Nxc1 0-1

[Event "Primorsky Debut 2014"]
[Site "Vladivostok RUS"]
[Date "2014.07.24"]
[Round "4.7"]
[White "Vitinik, Mikhail"]
[Black "Ivanov, Mikhail M"]
[Result "1/2-1/2"]
[WhiteTitle "IM"]
[BlackTitle "GM"]
[WhiteElo "2213"]
[BlackElo "2392"]
[WhiteFideId "4125193"]
[BlackFideId "4114906"]
[EventDate "2014.07.21"]

1. e4 c5 2. Nf3 g6 3. d4 cxd4 4. Nxd4 Nf6 5. Nc3 Nc6 6. Bc4 Bg7 7. Be3 O-O 8.
O-O Nxe4 9. Nxe4 d5 10. Nxc6 bxc6 11. Bd3 dxe4 12. Bxe4 Qc7 13. c3 f5 14. Bd5+
Kh8 15. Bc4 Rb8 16. Qe2 c5 17. f3 Bb7 18. Rad1 Be5 19. h3 Bh2+ 20. Kh1 Be5 21.
Kg1 Bh2+ 22. Kh1 Be5 23. Kg1 Bh2+ 24. Kh1 Be5 25. Kg1 Bh2+ 26. Kh1 Be5 27. Kg1
Bh2+ 1/2-1/2

[Event "Primorsky Debut 2014"]
[Site "Vladivostok RUS"]
[Date "2014.07.24"]
[Round "4.8"]
[White "Korniushin, Nikolay"]
[Black "Muratov, Sergey"]
[Result "1-0"]
[WhiteTitle "IM"]
[BlackTitle "FM"]
[WhiteElo "2339"]
[BlackElo "2185"]
[WhiteFideId "4123808"]
[BlackFideId "4131355"]
[EventDate "2014.07.21"]

1. d4 Nf6 2. c4 g6 3. Nc3 d5 4. Nf3 c6 5. Qb3 Bg7 6. Bf4 O-O 7. e3 e6 8. Be2
Nbd7 9. O-O Re8 10. h3 h6 11. Rad1 Kh7 12. Qc2 Qe7 13. Rfe1 b6 14. e4 dxe4 15.
Nxe4 Nxe4 16. Qxe4 Bb7 17. Bd3 Rad8 18. Bc2 Ba8 19. Ne5 c5 20. Qe3 Nxe5 21. dxe5
Rxd1 22. Rxd1 Rd8 23. Rd3 Qc7 24. f3 Rxd3 25. Bxd3 Qd8 26. g4 Bc6 27. Kg2 Kg8
28. Be2 Qc7 29. Bg3 Qd7 30. h4 Qb7 31. Kf2 Qa6 32. a3 Qc8 33. Qd3 Qd7 34. Qxd7
Bxd7 35. f4 f6 36. Bf3 Ba4 37. Ke3 Kf7 38. Kd3 g5 39. fxg5 fxg5 40. hxg5 hxg5
41. Kc3 Ke7 42. b3 Be8 43. b4 Kd7 44. Kb3 Kc7 45. Be4 Bd7 46. bxc5 bxc5 47. Bf2
Bxe5 48. Bxc5 a5 49. Be3 Bf6 50. c5 e5 51. Bf3 e4 52. Bxe4 Bxg4 53. Bd2 Bd1+ 54.
Kc4 a4 55. Ba5+ Kd7 56. c6+ Kd6 57. c7 Bg4 58. Bb7 Bb2 59. Kb4 Ke5 60. Kxa4 Bd7+
61. Kb3 Bd4 62. Bc3 Be6+ 63. Kb4 Kd6 64. c8=Q Bxc8 65. Bxc8 Bc5+ 66. Kb3 Kc7 67.
Bg4 Kb6 68. a4 Be3 69. Kc4 Bf2 70. Bd4+ Bxd4 71. Kxd4 Ka5 72. Bd1 1-0

[Event "Primorsky Debut 2014"]
[Site "Vladivostok RUS"]
[Date "2014.07.24"]
[Round "4.9"]
[White "Guseva, Marina"]
[Black "Khokhlova, Daria"]
[Result "1-0"]
[WhiteTitle "IM"]
[WhiteElo "2362"]
[BlackElo "2007"]
[WhiteFideId "4149351"]
[BlackFideId "24182729"]
[EventDate "2014.07.21"]

1. d4 Nf6 2. c4 g6 3. Nc3 d5 4. Nf3 Bg7 5. e3 O-O 6. Bd2 c6 7. Bd3 Bg4 8. h3
Bxf3 9. Qxf3 Qd6 10. O-O dxc4 11. Bxc4 Nbd7 12. Rfd1 e5 13. Be1 exd4 14. Rxd4
Qe7 15. Bf1 Ne5 16. Qe2 Rfd8 17. Rad1 c5 18. Rxd8+ Rxd8 19. Rxd8+ Qxd8 20. Qb5
Qc7 21. b3 Bf8 22. Qe2 a6 23. a4 Bd6 24. Qd1 Nc6 25. Bc4 Ne5 26. Be2 Nc6 27. Bf3
Bf8 28. Nd5 Nxd5 29. Qxd5 Qe7 30. Kf1 Bg7 31. g3 Bf6 32. h4 Kg7 33. h5 Be5 34.
Bd2 Nd8 35. Ba5 Nc6 36. Bb6 Bd6 37. Kg2 Qf8 38. g4 Qe7 39. Kh3 Qf8 40. Qg5 Be7
41. Qd5 Bd6 42. hxg6 hxg6 43. Kg2 Qe7 44. Kf1 Qf6 45. g5 Qe7 46. Be4 f5 47.
gxf6+ Kxf6 48. f4 Kg7 49. Ke2 Kh6 50. Kf3 Kg7 51. Qd3 Nb4 52. Qc3+ Kh7 53. Qe1
Qe6 54. Qh4+ Kg7 55. Bd8 b5 56. Bg5 Bf8 57. Qh6+ Kg8 58. Qxg6+ Qxg6 59. Bxg6
bxa4 60. bxa4 c4 61. Ke2 c3 62. Be4 Bc5 63. Bf6 c2 64. Bb2 Kf7 65. Kd2 Ke6 66.
f5+ Kd7 67. f6 Ke6 68. Bf3 Bb6 69. Bg4+ Kd5 70. f7 Bc5 71. Bf5 Bf8 72. e4+ Kc4
73. Be6+ Kc5 74. e5 Kb6 75. Bb3 Kc5 76. Ke3 Bh6+ 77. Ke4 Kc6 78. Bc1 Bf8 79. Bg5
Kd7 80. Kf5 1-0

[Event "Primorsky Debut 2014"]
[Site "Vladivostok RUS"]
[Date "2014.07.24"]
[Round "4.10"]
[White "Yanchenko, Roman"]
[Black "Sin, Denis"]
[Result "1-0"]
[WhiteTitle "FM"]
[WhiteElo "2311"]
[BlackElo "1984"]
[WhiteFideId "4137329"]
[BlackFideId "34126683"]
[EventDate "2014.07.21"]

1. e4 e6 2. d4 d5 3. Nd2 Nf6 4. Bd3 c5 5. e5 Nfd7 6. c3 Nc6 7. Ne2 cxd4 8. cxd4
f6 9. exf6 Qxf6 10. O-O Bd6 11. Nf3 h6 12. Bb1 O-O 13. Qd3 Rd8 14. Qh7+ Kf7 15.
Ng3 Nf8 16. Qd3 Kg8 17. Re1 Bd7 18. Qe3 Be8 19. Ne5 Rac8 20. Bd2 Qh4 21. Nf3 Qf6
22. a3 Bg6 23. Ba2 b5 24. Ne5 Be8 25. Bb1 Qh4 26. Nf3 Qf6 27. Bd3 a6 28. Kh1 Bg6
29. Bf1 Be8 30. Ne5 Bxe5 31. dxe5 Qe7 32. f4 Bg6 33. a4 Nb4 34. Qa3 Nc6 35. Qxe7
Nxe7 36. axb5 axb5 37. Ba5 Rd7 38. Bxb5 Ra7 39. Bb4 Rxa1 40. Rxa1 Nf5 41. Nxf5
Bxf5 42. Bc3 Ng6 43. g3 Rd8 44. Kg1 Be4 45. Kf2 Ne7 46. Ra7 Nf5 47. Bd7 d4 48.
Bxe6+ Kh8 49. Bd2 Rb8 50. b4 Rb6 51. Bd7 Ne7 52. b5 Nd5 53. Bc6 Rb8 54. Ra8 Rxa8
55. Bxa8 Nc3 56. Bxe4 Nxe4+ 57. Ke2 1-0

[Event "Primorsky Debut 2014"]
[Site "Vladivostok RUS"]
[Date "2014.07.25"]
[Round "5.1"]
[White "Belous, Vladimir"]
[Black "Bocharov, Dmitry"]
[Result "1/2-1/2"]
[WhiteTitle "GM"]
[BlackTitle "GM"]
[WhiteElo "2584"]
[BlackElo "2560"]
[WhiteFideId "4174003"]
[BlackFideId "4138716"]
[EventDate "2014.07.21"]

1. c4 c5 2. Nf3 Nc6 3. Nc3 g6 4. e3 Nf6 5. d4 cxd4 6. exd4 d5 7. cxd5 Nxd5 8.
Qb3 e6 9. Bc4 Na5 10. Qa4+ Bd7 11. Bb5 a6 12. Bxd7+ Qxd7 13. Qxd7+ Kxd7 14. Ne5+
Ke8 15. Nxd5 exd5 16. Bd2 Nc4 17. Nxc4 dxc4 18. Rc1 b5 19. b3 cxb3 20. axb3 Kd7
21. Ke2 Bd6 22. Kd3 a5 23. Ra1 a4 24. bxa4 bxa4 25. Rhb1 Rhb8 26. Rxb8 Bxb8 27.
Bb4 Bd6 28. Kc4 a3 29. Bc5 a2 30. Kb3 Bxh2 31. Rxa2 Rxa2 32. Kxa2 Bd6 33. Kb3 h5
34. Kc4 g5 35. Kd5 Bxc5 36. dxc5 h4 37. f3 f5 38. Ke5 g4 39. fxg4 fxg4 40. Kf4
h3 41. gxh3 gxh3 42. Kg3 Kc6 43. Kxh3 Kxc5 1/2-1/2

[Event "Primorsky Debut 2014"]
[Site "Vladivostok RUS"]
[Date "2014.07.25"]
[Round "5.2"]
[White "Timofeev, Artyom"]
[Black "Inarkiev, Ernesto"]
[Result "1/2-1/2"]
[WhiteTitle "GM"]
[BlackTitle "GM"]
[WhiteElo "2597"]
[BlackElo "2666"]
[WhiteFideId "4140419"]
[BlackFideId "4162722"]
[EventDate "2014.07.21"]

1. d4 Nf6 2. c4 e6 3. Nc3 d5 4. Bg5 Be7 5. cxd5 Nxd5 6. Bxe7 Qxe7 7. Rc1 O-O 8.
Nf3 Nxc3 9. Rxc3 Nc6 10. e3 e5 11. Nxe5 Nxe5 12. dxe5 Qxe5 13. Bc4 Be6 14. Bxe6
Qxe6 15. Qb3 Qxb3 16. Rxb3 b6 17. Rd3 Rfd8 18. Rxd8+ Rxd8 19. Ke2 c5 20. Rc1 Kf8
21. a3 Ke7 22. b4 cxb4 23. axb4 a5 24. Rc6 Rd6 25. Rc7+ Rd7 26. Rc6 Rb7 27. bxa5
bxa5 28. Ra6 Rb2+ 29. Kf3 Rb5 30. e4 g6 31. Kf4 Rb2 32. Ra7+ Ke6 33. Ra6+ Ke7
34. Ra7+ Ke6 35. Ra6+ Ke7 1/2-1/2

[Event "Primorsky Debut 2014"]
[Site "Vladivostok RUS"]
[Date "2014.07.25"]
[Round "5.3"]
[White "Grachev, Boris"]
[Black "Kabanov, Nikolai"]
[Result "1-0"]
[WhiteTitle "GM"]
[BlackTitle "GM"]
[WhiteElo "2672"]
[BlackElo "2496"]
[WhiteFideId "4129199"]
[BlackFideId "4127820"]
[EventDate "2014.07.21"]

1. d4 g6 2. Nf3 Nf6 3. c4 Bg7 4. g3 O-O 5. Bg2 d6 6. O-O c6 7. Nc3 Qa5 8. e4 e5
9. h3 Nbd7 10. Be3 exd4 11. Nxd4 Ne5 12. Qe2 c5 13. Ndb5 Be6 14. Nd5 Nxd5 15.
exd5 Bd7 16. Nxd6 Qa6 17. Bxc5 Nxc4 18. Qxc4 Qxc4 19. Nxc4 Rfc8 20. b4 b6 21.
Rac1 bxc5 22. Nd6 cxb4 23. Nxc8 Rxc8 24. Rxc8+ Bxc8 25. Re1 Kf8 26. d6 Be6 27.
Bc6 h5 28. Ba4 Bf6 29. h4 a5 30. Re2 1-0

[Event "Primorsky Debut 2014"]
[Site "Vladivostok RUS"]
[Date "2014.07.25"]
[Round "5.4"]
[White "Danin, Alexandre"]
[Black "Korniushin, Nikolay"]
[Result "1/2-1/2"]
[WhiteTitle "GM"]
[BlackTitle "IM"]
[WhiteElo "2572"]
[BlackElo "2339"]
[WhiteFideId "4144031"]
[BlackFideId "4123808"]
[EventDate "2014.07.21"]

1. e4 e6 2. Nc3 d5 3. Nf3 d4 4. Ne2 c5 5. c3 Nf6 6. Ng3 a6 7. d3 Nc6 8. Be2 e5
9. O-O g6 10. cxd4 cxd4 11. Nd2 Bg7 12. Nb3 O-O 13. f4 exf4 14. Bxf4 Nd7 15. Qd2
Nde5 16. Rac1 b6 17. Rc2 a5 18. a3 Be6 19. Na1 Qd7 20. Bh6 Bxh6 21. Qxh6 f6 22.
Rcc1 Rac8 23. Qd2 Na7 24. Rxc8 Nxc8 25. Nc2 Ne7 26. Ne1 Kg7 27. Nf3 N7c6 28. Bd1
b5 29. Be2 Qd6 30. Rc1 b4 31. Nxe5 Nxe5 32. axb4 Qxb4 33. Rc7+ Rf7 34. Rxf7+
Bxf7 35. Qxb4 axb4 36. Kf2 Kf8 37. Ke1 Ke7 38. Nf1 Kd6 39. Nd2 Be6 40. Nf3 Nxf3+
41. Bxf3 Ke5 42. g3 h5 43. Bd1 Bf7 44. Ba4 1/2-1/2

[Event "Primorsky Debut 2014"]
[Site "Vladivostok RUS"]
[Date "2014.07.25"]
[Round "5.5"]
[White "Sutormin, Danila"]
[Black "Deviatkin, Andrei"]
[Result "0-1"]
[BlackTitle "GM"]
[WhiteElo "2228"]
[BlackElo "2512"]
[WhiteFideId "24108669"]
[BlackFideId "4121260"]
[EventDate "2014.07.21"]

1. e4 c6 2. d4 d5 3. Nc3 dxe4 4. Nxe4 h6 5. Nf3 Bf5 6. Bd3 e6 7. O-O Nd7 8. Re1
Bxe4 9. Bxe4 Ngf6 10. Bd3 Qc7 11. c4 Bd6 12. g3 b6 13. Bd2 O-O 14. Bc3 Rfe8 15.
Ne5 Rad8 16. Qe2 c5 17. Nxd7 Rxd7 18. dxc5 Bxc5 19. Be5 Qd8 20. Rad1 Bd4 21. Bc2
Bxe5 22. Qxe5 Qc7 23. Qxc7 Rxc7 24. Ba4 Rec8 25. b3 g5 26. Rd4 Kf8 27. f4 Rc5
28. Bb5 Ke7 29. b4 R5c7 30. f5 Ra8 31. Ba6 Rd7 32. Rxd7+ Kxd7 33. fxe6+ fxe6 34.
c5 bxc5 35. bxc5 Nd5 36. Bb5+ Ke7 37. Bc6 Rd8 38. Rb1 Rc8 39. Rb7+ Kf6 40. Bxd5
exd5 41. Rxa7 Rxc5 42. Ra6+ Ke5 43. Rxh6 d4 44. Kf2 Ke4 45. Re6+ Kd3 46. Kf3 Kc2
47. Rd6 Rc3+ 48. Kf2 d3 49. Ke3 g4 50. a4 Rc8 51. a5 Re8+ 52. Kf2 Re2+ 53. Kf1
Re5 54. a6 Ra5 55. Kf2 d2 56. Rc6+ Kd1 57. Rd6 Ra3 58. Kg2 Ra1 59. Rc6 Ke2 60.
Re6+ Kd3 61. Rd6+ Kc3 62. a7 Rxa7 63. Kf2 Ra1 64. Rc6+ Kb4 0-1